| 000 | 00451nam a2200169Ia 4500 | ||
|---|---|---|---|
| 008 | 230718s9999 xx 000 0 und d | ||
| 020 | _a0-314-06675-6 | ||
| 041 | _aeng | ||
| 082 |
_a621.395 _bYAR |
||
| 100 | _aYarbrough J.M. | ||
| 245 |
_aDigital Logic _bApplications And Design |
||
| 260 |
_c1997 _bThomson Publication |
||
| 300 | _a697 | ||
| 365 |
_cRs. _b350.00 |
||
| 700 | _aYarbrough J.M. | ||
| 906 |
_dB:329/06.07.200424-Aug-2005 _cETC _b70 |
||
| 999 |
_c307845 _d307845 |
||